| 000 | 00598nam a22001817a 4500 | ||
|---|---|---|---|
| 999 |
_c16265 _d16265 |
||
| 008 | 161207b xxu||||| |||| 00| 0 eng d | ||
| 020 | _a0316765953 | ||
| 040 |
_aKABU _cKABU |
||
| 050 |
_aRA652 _b.S23 1985 |
||
| 100 | _aSackett,David L. | ||
| 245 |
_aClinical epidemiology _ba basic science for clinical medicine _cR. Brian Haynes and Peter Tugwell |
||
| 260 |
_aToronto _bLittle, Brown and company _c1985 |
||
| 300 | _axii, 370 p. | ||
| 650 | _aClinical epidemiology | ||
| 700 | _aHaynes, R.Brian | ||
| 700 | _aTugwell, Peter | ||
| 942 |
_2lcc _cBK _hRA652 .S23 1985 C.1 |
||